000 00295nam a2200109Ia 4500
008 231011s9999 xx 000 0 und d
041 _aeng
100 _aLeo Gough
245 _aThe Essential Management & Finance Source Book
260 _bPitman Pubs House ,England / Hongkong -
365 _b325
999 _c887655
_d887655